| 000 | 00540nam a2200181Ia 4500 | ||
|---|---|---|---|
| 005 | 20250508152406.0 | ||
| 008 | 008 250505s9999 xx 000 0 hin d | ||
| 037 | _aTextual | ||
| 040 |
_aFEDL _beng _cFEDL |
||
| 041 |
_ahin _2eng |
||
| 084 |
_a373.54, GUP _qFEDL |
||
| 100 |
_aGupta Deep Narayan Prasad _9761355 |
||
| 245 | 0 | _aHamari madhyamik shiksha : iseke siddhant aur samsyain, Bhagh 1 | |
| 260 |
_aPatna, India _bKala-Niketan _c1957 |
||
| 300 | _a233p | ||
| 942 |
_cTEXL _h373.54, GUP |
||
| 999 |
_c1336133 _d1336133 |
||